000 00679nam a2200289Ia 4500
005 20260324141729.0
008 008 260324s9999 xx 000 0 eng d
020 _a9781315825038
037 _aEBOOK
040 _aCRL
040 _beng
040 _cCRL
041 _2eng
041 _aeng
084 _qCRL
100 _aStephen Martin
_91209299
245 4 _aThe Economics of Offsets
245 0 _bDefence Procurement and Coutertrade
260 _bTaylor and Francis
260 _c1996
365 _a
365 _b290
856 _uhttp://www.taylorfrancis.com/books/9781315825038
942 _cEBOOK
999 _c1812692
_d1812692